000 01489nas a2200313 c 4500
003 BLK
005 20230104142923.0
008 180413b bul rap|r|||| |0| c1bulo|
010 _aPRD00004913001
022 _a0323-9004
040 _aBLK
041 _aBUL
_cBUL
080 _aИкономика. Икономически науки
_b33
_x(497.21)
_z33(497.21)
110 1 _aСтоп. акад. Д. А. Ценов - Свищов
_eРед. кол.: Радко Радков - глав. ред. и др.
_9360828
139 _bН 25
245 1 0 _aНАРОДНОСТОПАНСКИ АРХИВ
_cСтоп. акад. Д. А. Ценов - Свищов ; Ред. кол.: Радко Радков - глав. ред. и др.
_fНачална год. на издаване: Год. 1, № 1 (1946),
_nот тяло:101 до тяло:172
245 1 0 _aНародностопански архив
_c
_f1946-1951 г.
245 1 0 _aИзвестия на Висшия финансовостопански институт
_c
_f1952-1969 г.
257 _aBGR
260 Свищов
_bСтоп. акад. Д. А. Ценов
_c1946
_fСтоп. акад. Д. А. Ценов
300 _c29
310 периодичност: 4
_cдепозит за: 2016
_eсрок за съхранение: 99
380 _a3
852 _aА 698
856 _qpdf
_u
856 _qpdf
_u
942 _cJOU
_n0
_s1
_04
944 _aCR
_cВася_Ганчева
_k22.01.2003
944 _aED
_cВаня_Йорданова
_k13.03.2017
999 _c295213
_d295213